| 000 | 00601nam a2200205 a 4500 | ||
|---|---|---|---|
| 005 | 20210223131016.0 | ||
| 008 | 090604s2003 mx r 000 0 spa d | ||
| 020 | _a9687462337 | ||
| 035 | _aUPN01000170954 | ||
| 049 | _aCG | ||
| 050 | 4 |
_aSB317 T4.8 _bV3.2 2003 |
|
| 100 | 1 | _aValenzuela Zapata, Ana G. | |
| 245 | 1 | 3 |
_aEl agave tequilero : _bcultivo e industria de México / _cAna G. Valenzuela Zapata. |
| 250 | _a3a ed. | ||
| 260 |
_aMéxico : _bMundi-prensa, _c2003. |
||
| 300 |
_a215 p. : _bil. |
||
| 650 | 4 |
_aINDUSTRIA TEQUILERA - _zMEXICO _917458 |
|
| 650 | 4 |
_aTEQUILA _917459 |
|
| 905 | _aLibro | ||
| 999 |
_c143059 _d143059 |
||